[Event "EU-ch 4th"]
[Site "Istanbul"]
[Date "2003.06.03"]
[Round "5"]
[White "Pavasovic, Dusko"]
[Black "Kurnosov, Igor"]
[Result "1-0"]
[WhiteElo "2584"]
[BlackElo "2500"]
[Annotator "Rogozenco,D"]
[PlyCount "53"]
[EventDate "2003.05.30"]
[EventType "swiss"]
[EventRounds "13"]
[EventCountry "TUR"]
[SourceTitle "CBM 096"]
[Source "ChessBase"]
[SourceDate "2003.09.25"]
[SourceVersion "1"]
[SourceVersionDate "2003.09.25"]
[SourceQuality "1"]

1. e4 c5 2. c3 Nf6 3. e5 Nd5 4. d4 cxd4 5. Nf3 Nc6 6. cxd4 d6 7. Bc4 Nb6 8. Bb3
dxe5 9. d5 Nb4 (9... Na5 {The main move, analyzed very deep. Both sides need
to know a lot of theory in this line. The game continuation looks very risky,
since it allows White to create an immediate initiative.}) 10. Nc3 e6 11. Bg5
f6 {This move was considered a mistake, until in the game Vlassov-Shaposhnikov,
2002 (Internet, rapid) Black showed that things are far from clear.} (11... Be7
$13) 12. Nxe5 {The idea of 11.Bg5. Now there is a forced variation:} fxg5 13.
Qh5+ g6 14. Nxg6 hxg6 15. Qxh8 (15. Qxg6+ {doesn't work for White because of
his own king.} Kd7 16. Qxe6+ Kc7 17. Nb5+ Kb8 18. Qe5+ Bd6 {[%cal Gb4d3] and
Black is better.}) 15... Nd3+ 16. Kf1 exd5 {In this double-edged position
Black has a material advantage, but he needs some time in order to hide the
king and complete development.} 17. Qd4 $5 $146 (17. Rd1 Bf5 18. Bc2 Nxb2 19.
Bxf5 gxf5 20. Re1+ Kd7 21. h4 N2c4 22. Qd4 Kc6 23. Re6+ Nd6 24. Nxd5 Nxd5 25.
Qc4+ Kd7 26. Qxd5 Rc8 $15 {1/2-1/2 Vlassov,N-Shaposhnikov,E/FIDE.com 2002 (53)}
) 17... Nf4 $6 (17... Nxb2 18. Re1+ Be7 19. Nxd5 Nxd5 20. Bxd5 $18) (17... Nc5
$1 {is the critical continuation, which needs practical testes.} 18. Nxd5 Be6
$5 (18... Nxb3 19. Nf6+ Ke7 20. Ng8+ Ke8 21. Nf6+ $11 (21. Re1+ Be6 $1 22.
Rxe6+ Kf7))) 18. h4 $1 {A very strong move, underestimated by Black. White
underlines the vulnerability of knight f4 and includes the rook into play. Now
every mistake can be a fatal one.} Be6 $2 {This is just bad. Black should have
kept that square for the knight.} (18... Kf7 19. hxg5 Ne6 $13) (18... Ne6 19.
Qd3 $140 Nf4 20. Qd4 $11) 19. Re1 $16 {[%csl Rf4]} Qc7 (19... Kf7 20. hxg5 Nh5
21. Rxh5 gxh5 22. g6+ $18) 20. hxg5 {The material is about equal now, but all
White's pieces work, while Black's pieces are "hanging".} O-O-O ({More
stubborn was} 20... Bg7 {although after the precise} 21. Qd2 $1 $36 {Black's
position still looks bad.} (21. Qe3 d4 (21... Nc4 22. Bxc4 Qxc4+ 23. Ne2 $18)
22. Nb5 (22. Qe4 Kf8 (22... dxc3 23. Bxe6 Nxe6 24. Qxg6+ Kf8 25. Rxe6 Qf7 (
25... c2 26. Rf6+ $18) 26. bxc3 {[%cal Gh1h7]} Qxg6 27. Rxg6 Kf7 28. Rd6 $36)
23. Bxe6 Nxe6 24. Qxg6 Nf4 25. Qf5+ Qf7 26. Qxf7+ Kxf7 $15) 22... Qc4+ $1 23.
Bxc4 dxe3 $13)) 21. Rh4 $18 {Now is over. White wins material.} Bf5 (21... Bd6
22. Nb5 $18) (21... Bg7 22. Qxf4 $18) 22. Qxf4 Bd6 23. Qd2 Bc5 24. Nb5 Nc4 (
24... Qb8 25. Rc1 $18) 25. Bxc4 dxc4 26. Re8 $1 Qb6 (26... Rxe8 27. Nxc7 $18)
27. Nxa7+ 1-0

[Event "BLR-ch 71st"]
[Site "Minsk"]
[Date "2005.03.09"]
[Round "6"]
[White "Maljush, Andrej"]
[Black "Fedorov, Alexei"]
[Result "0-1"]
[WhiteElo "2413"]
[BlackElo "2603"]
[Annotator "Rogozenco,D"]
[PlyCount "76"]
[EventDate "2005.03.04"]
[EventType "tourn"]
[EventRounds "13"]
[EventCountry "BLR"]
[EventCategory "9"]
[SourceTitle "CBM 106"]
[Source "ChessBase"]
[SourceDate "2005.06.06"]
[SourceVersion "1"]
[SourceVersionDate "2005.06.06"]
[SourceQuality "1"]

1. e4 c5 2. c3 Nf6 3. e5 Nd5 4. Nf3 Nc6 5. Bc4 Nb6 6. Bb3 c4 (6... d5) 7. Bc2
Qc7 8. Qe2 g5 {In spite of his relatively modest results with this set-up, A.
Fedorov constantly plays it with Black.} 9. h3 Bg7 10. O-O Nxe5 11. Nxg5 d5 12.
a4 ({Another plan is to play in the center with} 12. Re1 {followed by Nf3.}) (
12. b3 {from the game Rozentalis-Hracek, Bundesliga 1998 didn't find any
followers.}) 12... Bd7 (12... h6 13. Nf3 Nxf3+ (13... Nbd7 14. Re1 O-O 15. Na3
a6 16. d4 cxd3 17. Bxd3 Nxd3 18. Qxd3 e6 19. Be3 b6 20. Qd2 Kh7 21. Bf4 e5 22.
Bg3 Bb7 23. Nd4 Qd6 $6 24. Nf5 Qg6 25. Nxg7 Qxg7 26. Nc4 $16 {
Sermek-Sveshnikov, Dubai 2001}) 14. Qxf3 Be6 15. d4 cxd3 16. Bxd3 a6 17. Re1
Nd7 18. Bf4 Qb6 19. a5 Qc6 20. Nd2 $16 {1-0 Zhigalko,S-Trifonov,D/Minsk 2005 
(51)}) 13. Re1 (13. a5 Nc8 14. d4 cxd3 15. Bxd3 Nd6 16. Re1 O-O-O 17. Be3 Kb8
18. Nd2 h6 19. Ngf3 Nxf3+ (19... Nxd3 $5 20. Qxd3 e6) 20. Qxf3 e5 $6 21. Qxd5
Be6 22. Qf3 f5 23. Qe2 f4 $2 24. Bxf4 exf4 25. Qxe6 $18 {1-0 Pavasovic,
D-Fedorov,A/Rabac 2004 (31)}) 13... e6 14. a5 Nc8 15. d4 cxd3 16. Bxd3 h6 17.
Nf3 Nxd3 18. Qxd3 Ne7 {The position is double-edged. It looks very well for
Black - he has the bishops pair and a good pawn center, but on the other hand
his Black's kingside is weakened and it's not easy to coordinate the pieces.
Besides, White has a better pawn formation.} 19. a6 b6 20. Na3 O-O 21. Nb5 Qb8
$146 {Alexei improves on his own game.} (21... Bxb5 22. Qxb5 e5 23. Qb4 e4 24.
Nd4 Rad8 25. Be3 Qd7 26. Rad1 Ng6 27. Ne2 Rfe8 28. Rd2 {[%csl Rd5]} Qf5 $6 29.
Red1 $16 {1-0 Pavasovic,D-Fedorov,A/Mallorca 2004 (42)}) 22. Nh4 (22. Nbd4 e5
23. Bf4 f6 $1 $15) (22. Ra4 $5 {[%cal Ga4h4]}) 22... e5 23. Nd4 $2 {The knight
on b5 exerted pressure on Black's queenside and White should have tried to
keep it there.} (23. Bf4 $5 Re8 (23... exf4 $2 24. Rxe7 $16) (23... f5 $2 24.
Nf3 $1 $16) (23... f6 $5 24. Bg3 $13) 24. Bh2 f5 25. Re2 $13 f4 $140 $2 (25...
e4 $1 26. Qd2 Be5 27. Bxe5 Qxe5 28. Nf3 $13) 26. Bxf4 $1 (26. Rae1 $2 e4 $19))
23... e4 ({Also possible is} 23... exd4 24. Rxe7 Qd8 $1 {and it's not clear
that after the forced exchange sacrifice White has enough compensation:} 25.
Rxd7 (25. Qe2 Bf6 (25... d3 $2 26. Qe3 Bf6 27. Rxd7 Qxd7 28. Qxh6 Bg7 29. Qg5
$44) 26. Rxd7 Qxd7 27. Qh5 dxc3 28. bxc3 Bxc3 29. Rb1 $13) 25... Qxd7 26. Nf5 (
{or} 26. Bd2 dxc3 27. Bxc3 Bxc3 28. bxc3) 26... dxc3 27. bxc3 Rac8 28. Nxg7
Kxg7 29. Be3 f6) 24. Qd2 Qe5 25. Nhf3 Qh5 26. Nh2 {So after all the knight
maneuver to h4 was a waste of time.} Ng6 {Black transfered his queen to the
kingside and consolidated the position. His chances are preferable.} 27. Ne2
Be6 28. Nf1 $6 (28. Nf4 $15) 28... Kh7 29. Nfg3 Qh4 30. Nd4 $2 (30. Nf4 $1 $15
Be5 $140 31. Nfh5 $1 {[%csl Rh6][%cal Gd2h6]}) 30... Bxd4 $1 31. Qxd4 f5 {
Now it's all over. White is unable to blockade the pawns.} 32. c4 (32. Nf1 f4
33. Nh2 f3 (33... e3 34. Re2 $17) 34. gxf3 Qxh3 $19) 32... f4 $19 33. Nf1 (33.
cxd5 fxg3 34. fxg3 Qxg3 $19 {[%csl Re1]}) 33... e3 $1 34. Nxe3 (34. Re2 f3 35.
Qxh4 fxe2 $1 $19) 34... fxe3 35. Qxh4 Nxh4 36. Bxe3 Rg8 37. Kf1 Nxg2 38. Bxb6
Nxe1 0-1

[Event "EU-ch 4th"]
[Site "Istanbul"]
[Date "2003.06.10"]
[Round "10"]
[White "Rublevsky, Sergei"]
[Black "Goloshchapov, Alexander"]
[Result "1-0"]
[WhiteElo "2670"]
[BlackElo "2558"]
[Annotator "Rogozenco,D"]
[PlyCount "59"]
[EventDate "2003.05.30"]
[EventType "swiss"]
[EventRounds "13"]
[EventCountry "TUR"]
[SourceTitle "CBM 096"]
[Source "ChessBase"]
[SourceDate "2003.09.25"]
[SourceVersion "1"]
[SourceVersionDate "2003.09.25"]
[SourceQuality "1"]

1. e4 c5 2. Nf3 e6 3. c3 Nf6 4. e5 Nd5 5. Bc4 d6 6. d4 cxd4 7. cxd4 Nb6 8. Bb3
(8. Bd3 Nc6 9. O-O {is another possibility for White.} ({or} 9. exd6 $5)) 8...
dxe5 (8... Nc6 9. exd6 (9. O-O {allows Black an endgame after} dxe5 (9... Be7
$5) 10. dxe5 Qxd1 {in which White's plus is insignificant.}) (9. Qe2 dxe5 10.
dxe5 Nb4 11. O-O Qd3 $11) 9... Bxd6 (9... Qxd6 $5) 10. O-O $13 {is similar to
the game.}) 9. Nxe5 Nc6 10. Nf3 {In such IQP positions, it is well-known that
each trade of pieces makes Black's task easier. On the other hand taking on c6
has two advantages: it breaks Black's pawn structure and it wins a tempo to
continue development.} (10. Nxc6 bxc6 11. O-O Be7 12. Nc3 O-O $13) 10... Nd5 {
This looks like a loss of time, but in fact the knight on b6 was far from
kingside and bringing it back to d5 is only logical.} (10... Bd6 {transposes
to the variation 8...Nc6, see above.}) 11. O-O Be7 12. Nc3 Nxc3 {I'd prefer to
keep the knight on d5 rather than improving White's structure. Of course, in
the game Black goes for the typical plan with b6, Bb7 and Na5, but meanwhile
White can create very quick a strong attack.} ({Better for Black is:} 12... O-O
13. Re1 b6 14. Bc2 Bb7 15. Qd3 g6 16. a3 Rc8 17. Bh6 Re8 18. Rad1 Bf8 (18...
Nf6 {Very amazing - after this move we get a D42 position (arising usually
from Panov attack, Caro-Kann Defence), which is double-edged, maybe with
slight initiative for White. But of course 18...Nf6 is not necessary, which
means Black is more flexible here.}) 19. Bxf8 Rxf8 20. Nxd5 exd5 21. b4 Qf6 22.
Bb3 Ne7 23. Ne5 Rc7 24. Ba4 Bc8 25. Rc1 Bf5 26. Qg3 Rxc1 27. Rxc1 Rc8 28. Rxc8+
Bxc8 29. Qc3 Qd6 30. Nc6 {1/2-1/2 Nepomniashchy,Y-Andreikin,D/Halkidiki 2001})
13. bxc3 O-O 14. Re1 b6 15. h4 $1 {The most direct approach - White secures
square g5 for the knight or bishop.} Bb7 (15... Bxh4 16. Nxh4 Qxh4 17. Re3 $44)
16. Ng5 Na5 17. Bc2 Bxg5 {Other continuations wouldn't have solved problems
either, but still 17...Bxg5 is a big concession, after which White is much
better.  In this case even 15...Bxh4 was to be preferred.} (17... g6 18. Qg4 $5
$36 {[%cal Gh4h5]} (18. Nxh7 {leads only to a draw:} Kxh7 19. Qh5+ Kg8 20. Bxg6
fxg6 21. Qxg6+ Kh8 22. Re5 Rf5 23. Qh6+ Kg8 24. Qxe6+ Rf7 25. Qg6+ Rg7 26. Qe6+
Rf7) 18... Qc7 19. Bd2 Nc4 20. Bf4 $36 Bd6 21. Bxd6 Nxd6 22. h5 Qxc3 23. Bxg6
hxg6 24. hxg6 $40) (17... h6 $2 18. Qd3 $18) 18. hxg5 $16 Bd5 {Already
difficult to give Black a good advice.} (18... Nc4 $2 19. Qd3 $18 {[%csl Rc4,
Rh7]}) 19. Qd3 (19. Qh5 g6 20. Qh6 {[%cal Ge1e3,Ge3h3]} Nc4) ({Attractive is} 
19. Bxh7+ Kxh7 20. Qh5+ Kg8 21. Re3 {but Black saves himself with} Bxg2 $1 22.
Rg3 $1 (22. Kxg2 Qd5+ 23. Kg1 f6 24. Rh3 Qf5 $13) 22... Qd5 $1 (22... Be4 23.
Rh3 f6 24. g6 Bxg6 25. Qxg6 Qd5 (25... Nc4 26. Rh7 $18 Rf7 27. Qh5) 26. Ba3 $16
(26. Qh7+ $5 Kf7 27. Rg3 Rg8 28. Bh6)) 23. Rxg2 Qf5 {and although White might
be better, the position is far from clear, since there is no direct and
convincing attack, while white kingside is weak as well.}) 19... g6 20. Qg3 Nc4
21. Bf4 Rc8 22. Rad1 b5 (22... Na3 23. Bb3 $16) 23. Qh4 f5 (23... Na3 24. Bd3
Rxc3 25. Be5 h5 26. g4 Bf3 27. gxh5 gxh5 (27... Bxh5 28. Be2 $18 (28. d5 $18))
28. Be4 Bxd1 29. Rxd1 $18) 24. gxf6 Qxf6 25. Bg5 Qf7 26. Rd3 Rc7 27. Rh3 Nd6
28. Bh6 $18 Rfc8 (28... Re8 29. Bxg6 hxg6 30. Bf4 $18) 29. Bf4 ({Also possible
was} 29. Bxg6 hxg6 (29... Qxg6 30. Rg3 $18) 30. Bf4 Qh7 31. Qg4 $1 $18) 29...
Nf5 (29... Rd7 30. Bxg6 Qxg6 31. Rg3 $18) 30. Bxf5 1-0

[Event "EU-ch 4th"]
[Site "Istanbul"]
[Date "2003.06.10"]
[Round "10"]
[White "Movsesian, Sergei"]
[Black "Kotronias, Vasilios"]
[Result "1/2-1/2"]
[WhiteElo "2659"]
[BlackElo "2597"]
[Annotator "Rogozenco,D"]
[PlyCount "54"]
[EventDate "2003.05.30"]
[EventType "swiss"]
[EventRounds "13"]
[EventCountry "TUR"]
[SourceTitle "CBM 096"]
[Source "ChessBase"]
[SourceDate "2003.09.25"]
[SourceVersion "1"]
[SourceVersionDate "2003.09.25"]
[SourceQuality "1"]

1. e4 c5 2. Nf3 Nc6 3. c3 Nf6 4. e5 Nd5 5. d4 cxd4 6. cxd4 d6 7. Bc4 Nb6 8. Bb5
dxe5 9. Nxe5 Bd7 10. Nxd7 Qxd7 11. Nc3 e6 12. O-O Be7 13. Qg4 O-O 14. Bxc6 {
This interesting idea to distract the queen from the kingside was popularized
by Godena and lately used by Potkin, Brynell and Movsesian. At the beginning
Black was facing some problems, but with an accurate play he is able to
neutralize White's initiative. The tenacity with which White players are
trying to find some microscopic advantage in this line reminds me of the
Kasparov-Karpov duels in Queens's Gambit Declined, when during their matches
in 1984-1985 they both tried to prove White's edge after 1.d4 d5 2.c4 e6 3.Nc3
Be7 4.Nf3 Nf6 5.Bg5 h6 6.Bh4 0-0 7.e3 b6 8.Be2 Bb7 9.Bxf6 Bxf6 10.cxd5 exd5 11.
b4 c5 12.bxc5 bxc5 13.Rb1. In spite of multiple "mini-improvements" for White,
all those games ended in draw.} Qxc6 {Most ambitious, not being afraid of
ghosts. Taking with the pawn is also possible, although if 14...Qxc6 is okay,
there is no point to break one's own pawn structure.} (14... bxc6 15. Bh6 Bf6
16. Rfd1 Rfd8 17. Ne4 Qe7 18. h4 (18. Rac1 $5 $14) 18... Rd5 19. Bg5 Nd7 20.
Rac1 Bxg5 21. hxg5 Rd8 22. Qg3 f5 23. gxf6 Nxf6 24. Nxf6+ Qxf6 25. Rxc6 Rxd4
26. Rxd4 Qxd4 {1/2-1/2 Movsesian,S-Shirov,A/Sarajevo 2003}) 15. Bh6 Bf6 16.
Rad1 Qd7 17. Ne4 Qd8 $1 {This paradoxical retreat is better than 17...Qe7:} (
17... Qe7 18. Rd3 Kh8 19. Bf4 $1 {threatening 20.Bd6, that is the difference
comparing with 17...Qd8.} Rfd8 20. Rh3 Rd5 21. Nxf6 Qxf6 22. Be5 Qg6 23. Qxg6
fxg6 $14) 18. Rd3 Kh8 19. Bd2 $146 (19. Bf4 Nd5 20. Be5 (20. Rh3 Nxf4 21. Qxf4
Qxd4) 20... Bxe5 21. dxe5 Qc7 22. Nd6 {1/2-1/2 Nisipeanu,L-Kotronias,V/
Istanbul 2003}) 19... Qd5 $5 {Black is not afraid to allow Nxf6 gxf6 for two
reasons. With queens on the board he might use the g-file for active actions.
But most important is that after the trade on f6 White will be left with a
"bad" bishop versus a very strong knight on d5.} (19... Nd5 20. Rh3 $40) 20.
Bb4 (20. Rh3 $5) 20... Rfc8 21. Nxf6 gxf6 22. Be7 Qg5 $1 ({worse is} 22... Nd7
$2 {since after} 23. Qh4 {Black must play Qg5 anyway, and his knight is away
from square d5.} Qg5 24. Qxg5 fxg5 25. d5 $5 $16) 23. Qxg5 fxg5 24. Bxg5 (24.
Bf6+ Kg8 25. Rg3 Kf8 $13 {[%cal Gb6d5]}) 24... Nd5 $44 {Black has compensation
for the pawn. He controls the c-file and has a powerful knight on d5. White's
only possibility to achieve any progress is to create an initiative on the
kingside, but Movsesian must have considered this to be unrealistic task,
since Black will have enough ressources for counterplay on the queenside.} 25.
Rd2 (25. Rc1 Rxc1+ 26. Bxc1 Rc8 $36 {[%cal Gc8c2]}) 25... Kg7 26. Rfd1 a5 27.
Kf1 a4 {Black has many possibilities to continue activity on the queenside. He
can either push a4-a3, or push the b-pawn to b3, in both cases creating a
weakness either on b2 or a2. Another plan is just to play Rc4 and Rac8. After
that an idea can be R8c6-b6 and Rc4-b4, attacking b2.  In spite of being a
pawn up, White's prospects are less clear, so players agreed to a draw in this
interesting position.} 1/2-1/2

[Event "EU-ch 4th"]
[Site "Istanbul"]
[Date "2003.06.05"]
[Round "6"]
[White "Baklan, Vladimir"]
[Black "Kempinski, Robert"]
[Result "1/2-1/2"]
[WhiteElo "2607"]
[BlackElo "2553"]
[Annotator "Rogozenco,D"]
[PlyCount "53"]
[EventDate "2003.05.30"]
[EventType "swiss"]
[EventRounds "13"]
[EventCountry "TUR"]
[SourceTitle "CBM 096"]
[Source "ChessBase"]
[SourceDate "2003.09.25"]
[SourceVersion "1"]
[SourceVersionDate "2003.09.25"]
[SourceQuality "1"]

1. e4 c5 2. c3 Nf6 3. e5 Nd5 4. Nf3 d6 5. d4 cxd4 6. cxd4 e6 7. Bc4 Nb6 8. Bd3
Nc6 9. O-O dxe5 10. dxe5 Nb4 11. Be4 Qxd1 12. Rxd1 $14 N4d5 13. a4 (13. Nc3 $14
) 13... a5 14. Nc3 Nxc3 15. bxc3 Bc5 16. Nd4 O-O $146 {Black succeeded to hold
the endgame after this novelty, but it is surely not everyone's dream to fight
for a draw in an worse endgame right after the opening.} (16... Bd7 $2 17. Bxb7
Ra7 18. Bf3 h6 19. Nb3 Nxa4 20. Nxc5 Nxc5 21. Be3 Rc7 22. Rxa5 Nb3 23. Ra8+ Bc8
24. Bb6 Rxc3 25. Rd8+ Ke7 26. Ra7+ {1-0 Timman,J-Handke,F/Amsterdam 2001}) 17.
Nb3 (17. Bg5 {brings nothing after} h6 18. Bh4 g5 19. Bg3 Rd8 20. Nb3 Rxd1+ 21.
Rxd1 Be7 {[%csl Ra4]}) 17... Be7 18. Be3 Nc4 19. Bd4 f6 20. exf6 gxf6 21. g3 {
An useful move, which, however, is too slow and allows Black to trade a pair
of rooks.} ({Much more difficult would have been Black's task after the
immediate} 21. Bc5 Kf7 (21... Bxc5 22. Nxc5 $16 {[%cal Gd1d4,Ga1d1]}) 22. Rd4
$1 Ne5 23. f4 Nd7 (23... Nc6 24. Bxc6 bxc6 25. Bxe7 (25. Rad1 $5 $16) 25...
Kxe7 26. Re1 $5 $16 {[%cal Gb3c5]} Rd8 $140 27. Rxd8 Kxd8 28. Nc5 $16) 24. Bxe7
Kxe7 25. Rad1 $16 {and comparing to the game, the presence of all four rooks
clearly favours White.}) 21... Rd8 $1 22. Bc5 Rxd1+ 23. Rxd1 Kf7 {Now Black's
task is much easier. The king neutralizes White's activity on the d-file;
other pieces protect weaknesses of the pawn formation.} 24. Rd4 Ne5 25. f4 Nd7
26. Bxe7 Kxe7 27. c4 (27. Bxh7 $6 f5 28. Bg6 Nf6 $44 {[%csl Rg6]}) 1/2-1/2

[Event "ROM-ch"]
[Site "Iasi"]
[Date "1999.12.15"]
[Round "3"]
[White "Vajda, Levente"]
[Black "Rogozenco, Dorian"]
[Result "1/2-1/2"]
[WhiteElo "2483"]
[BlackElo "2577"]
[Annotator "Rogozenco,D"]
[PlyCount "59"]
[EventDate "1999.12.13"]
[EventType "tourn"]
[EventRounds "15"]
[EventCountry "ROU"]
[EventCategory "9"]
[SourceTitle "CBM 075"]
[Source "ChessBase"]
[SourceDate "2000.04.05"]
[SourceVersion "1"]
[SourceVersionDate "2000.04.05"]
[SourceQuality "1"]

1. e4 c5 2. c3 Nf6 3. e5 Nd5 4. d4 cxd4 5. Nf3 Nc6 6. Bc4 Nb6 7. Bb3 d6 8. exd6
Qxd6 9. Na3 dxc3 10. Qe2 Bf5 11. Nb5 Qd7 12. Ne5 Nxe5 13. Qxe5 Rc8 $1 $15 (
13... f6 14. Nc7+ {In this line White has a good compensation for the pawn.} (
14. Nd6+ $6 Qxd6 15. Qxf5 g6 16. Qe4 (16. Qh3 Qe5+ 17. Be3 $8 cxb2 18. Rb1 Qa5+
$15 {0-1 Kozak,A-Vokarev,S/Maikop 1998 (45)}) 16... Qc6 17. Qxc6+ bxc6 18. bxc3
e5 19. f4 Bd6 20. O-O O-O-O $17 {0:1,Van Mil,J-Nijboer,F/Wijk ann Zee 1995})
14... Kd8 15. Ne6+ Bxe6 16. Qxe6 Qxe6+ (16... Rc8 17. Qe2 $13) 17. Bxe6 Na4 18.
b4 $1 a5 19. Be3 axb4 20. O-O-O+ $36 {Hracek,Z-Stohl,I/Cesko 1996 (34)}) 14.
O-O (14. Nxa7 $5 f6 (14... Nc4 $2 15. Qxc3 $16) 15. Qa5 cxb2 16. Bxb2 Nc4 $17)
14... Nc4 (14... Bd3 15. Nxa7 $13) 15. Bxc4 Rxc4 16. Nxc3 $146 (16. Bf4 $2 f6
$19 {Palkovi,J-Wells,P/Budapest 1997 (31)}) 16... e6 17. Re1 {/\18.Qf5} (17.
Be3 a6 $17) 17... Rc5 18. Qg3 (18. Qb8+ $142 Rc8 19. Qxa7 Bc5 20. Qa4 Qxa4 21.
Nxa4 Bb4 $15) 18... Bg6 (18... h5 $1 19. h4 $140 Bg6 $17) 19. Bf4 $5 (19. Be3
Bd6 $1 20. Qg4 Ra5 21. Rad1 Qc7 $19) (19. Qb8+ Rc8 20. Qxa7 Bc5 $15) 19... Be7
(19... Rc8 $2 20. Rad1 Qc6 21. Nd5 $36) 20. Rad1 (20. Ne4 $2 Rd5 $19) 20... Qc6
21. Be3 $8 Rc4 22. Qb8+ Qc8 23. Qxc8+ (23. Qxa7 O-O $15) 23... Rxc8 24. Bxa7
$11 h5 25. h3 h4 26. Bd4 O-O 27. Nd5 Bd8 (27... Bg5 $5 28. Be3 Bd8 29. Nb6 Rc2
30. Nd7 Re8 31. Rd2 Rxd2 32. Bxd2 Be7 $13) 28. Nb6 Rc2 29. Nd7 Re8 30. Bc3 (30.
Bc3 b5 $5 31. a3 $140 Be7 32. Re5 Bxa3 33. Rxb5 Be7 $15) 1/2-1/2